Every Sheffield United Premier League Goalscorer Quiz Stats

 Plays Quiz not verified by Sporcle

Support Sporcle.
Go Orange.
Score 0/28 Timer 07:00
0 Plays Today
Goals Name % Correct
15Brian Deane
93.5%
4Phil Jagielka
87.4%
8Rob Hulse
84.9%
10Jostein Flo
79.3%
1Colin Kazim-Richards
78.9%
2Stephen Quinn
76.4%
2Keith Gillespie
76.2%
2Michael Tonge
75.7%
1Chris Morgan
75.7%
3Christian Nade
71.9%
10Dane Whitehouse
67.4%
6Glyn Hodges
64.3%
3Danny Webber
63.6%
5Jon Stead
63.4%
Goals Name % Correct
11Adrian Littlejohn
62.9%
4Brian Gayle
57.3%
1Mitch Ward
54.8%
2Carl Bradshaw
54.6%
5Nathan Blake
54.4%
1John Gannon
53.3%
5Alan Cork
52.4%
3Ian Bryson
52.4%
4Franz Carr
50.8%
2Paul Beesley
48.8%
2Jamie Hoyland
44.9%
6Paul Rogers
44.5%
4Willie Falconer
42.9%
2Andy Scott
39.6%

You're not logged in!

Compare scores with friends on all Sporcle quizzes.
OR
Log In

From the Vault

Top 25 Non-Humans in Harry Potter

by dudemanbearpig

The fact that some of these characters refer to themselves in the third person will surely help you out.
Remove Ads.
Support Sporcle.
Get the best of Sporcle when you Go Orange. This ad-free experience offers more features, more stats, and more fun while also helping to support Sporcle. Thank you for becoming a member.

Show Comments

Extras

Top Quizzes Today


Score Distribution

Your Account Isn't Verified!

In order to create a playlist on Sporcle, you need to verify the email address you used during registration. Go to your Sporcle Settings to finish the process.

Report this User

Report this user for behavior that violates our Community Guidelines.

Details: